000 00663nam a22002177a 4500
999 _c7848
_d7848
001 7848
003 BD-JhCC
005 20181006103328.0
008 180213s1975 bg |||| |||| 001 0 ben d
035 _a(BD-JhCC) 7848
040 _aBD-JhCC
_dBD-JhCC
041 _aben
082 _a370.9
_bULL 1975
100 _aউল্লাহ, মোহাম্মদ মোমিন
245 _aশিক্ষার ইতিহাস /
_cমোহাম্মদ মোমিন উল্লাহ
260 _aঢাকা :
_bবাংলা বাজার,
_c1975.
300 _a123 p. :
_c21 cm.
650 _aEducation
942 _2ddc
_cBK